[Event "XIV American Continental-ch 2019"]
[Site "Sao Paulo"]
[Date "2019.07.07"]
[Round "4.7"]
[White "Leitao, Rafael"]
[Black "Garcia Cardenas, Pablo"]
[Result "1-0"]
[WhiteElo "2616"]
[BlackElo "2443"]
[Annotator "RC"]
[PlyCount "85"]
[EventDate "2019.07.05"]
[EventType "swiss"]
[EventCountry "BRA"]
[SourceTitle "playchess.com"]
[Source "ChessBase"]
[SourceQuality "1"]
[TimeControl "40/5400+30:1800+30"]

1. d4 {[%emt 0:02:32]} d5 {[%emt 0:00:00]} 2. c4 {[%emt 0:00:05]} e6 {[%emt 0:00:00]} 3. Nf3 {[%emt 0:00:06]} Nf6 {[%emt 0:00:00]} 4. Nc3 {[%emt 0:00:09]} Be7 {[%emt 0:00:00]} 5. Bf4 {[%emt 0:00:31]} O-O {[%emt 0:01:14]} 6. a3 {[%emt 0:01:24]} c5 {[%emt 0:05:50]} 7. dxc5 {[%emt 0:00:48]} Bxc5 {[%emt 0:00:06]} 8. e3 {[%emt 0:01:10]} Nc6 {[%emt 0:00:18]} 9. Qc2 {[%emt 0:01:46]} Qa5 {[%emt 0:01:22]} 10. Nd2 {[%emt 0:02:01]} Bb4 {[%emt 0:13:30]} 11. cxd5 {[%emt 0:03:28]} exd5 {[%emt 0:01:44]} 12. Bd3 {[%emt 0:00:55]} h6 {[%emt 0:13:59]} 13. O-O {[%emt 0:04:31]} Bxc3 {[%emt 0:01:05]} 14. Nb3 {[%emt 0:11:57]} Qb6 {[%emt 0:18:05]} 15. Qxc3 {[%emt 0:12:15]} d4 {[%emt 0:08:35]} 16. Qc2 {[%emt 0:00:27]} dxe3 {[%emt 0:07:15]} 17. Bxe3 {[%emt 0:01:03]} Qc7 {[%emt 0:00:04]} 18. h3 {[%emt 0:00:49]} Be6 {[%emt 0:05:23]} 19. Nd4 {[%emt 0:03:19]} Bd5 {[%emt 0:03:16]} 20. Nf5 {[%emt 0:01:03]} Rfe8 {[%emt 0:04:06]} 21. Bd4 {[%emt 0:06:33]} Re6 {[%emt 0:01:38]} 22. Rae1 {[%emt 0:06:06]} Qd7 {[%emt 0:03:00]} 23. Bc3 {[%emt 0:00:43]} Rae8 {[%emt 0:00:49]} 24. Rd1 {[%emt 0:05:39]} Qc7 {[%emt 0:02:24]} 25. Ne3 {[%emt 0:01:02]} Be4 {[%emt 0:03:41]} 26. Bxf6 {[%emt 0:01:25]} Bxd3 {[%emt 0:00:23]} 27. Rxd3 {[%emt 0:00:40]} gxf6 {[%emt 0:01:10]} 28. Nf5 {[%emt 0:00:59]} Qe5 {[%emt 0:01:56]} 29. Rg3+ {[%emt 0:18:14]} Kf8 {[%emt 0:00:14]} 30. Rg4 {[%emt 0:02:21]} Qb5 {[%emt 0:00:38]} 31. Qb1 {[%emt 0:01:48]} Rd8 {[%emt 0:01:27]} 32. Nxh6 {[%emt 0:02:32]} Ne7 {[%emt 0:00:37]} 33. Qh7 {[%emt 0:03:58]} Qxf1+ {[%emt 0:00:07]} 34. Kh2 {[%emt 0:00:03]} Ke8 {[%emt 0:00:04]} 35. Qh8+ {[%emt 0:00:54]} Kd7 {[%emt 0:00:02]} 36. Rd4+ {[%emt 0:00:11]} Kc6 {[%emt 0:01:47]} 37. Qxd8 {[%emt 0:00:19]} Qxf2 {[%emt 0:00:13]} 38. Rc4+ {[%emt 0:02:36]} Kb5 {[%emt 0:00:07]} 39. Qd3 {[%emt 0:00:36]} Qe3 {[%emt 0:01:23]} 40. Rb4+ {[%emt 0:01:49]} Kc6 {[%emt 0:00:45]} 41. Qb5+ {[%emt 0:30:59]} Kc7 {[%emt 0:30:15]} 42. Qxb7+ {[%emt 0:00:00]} Kd8 {[%emt 0:00:00]} 43. Qb8+ {[%emt 0:00:00]} 1-0

[Event "XIV American Continental-ch 2019"]
[Site "Sao Paulo"]
[Date "2019.07.08"]
[Round "4.8"]
[White "Delgado Ramirez, Neuris"]
[Black "Sarkar, Justin"]
[Result "1/2-1/2"]
[WhiteElo "2605"]
[BlackElo "2389"]
[Annotator "RC"]
[PlyCount "120"]
[EventDate "2019.07.05"]
[EventType "swiss"]
[EventCountry "BRA"]
[SourceTitle "playchess.com"]
[Source "ChessBase"]
[SourceQuality "1"]
[TimeControl "40/5400+30:1800+30"]

1. e4 {[%emt 0:14:48]} e5 {[%emt 0:00:14]} 2. Nf3 {[%emt 0:00:09]} Nc6 {[%emt 0:00:09]} 3. Nc3 {[%emt 0:00:07]} Nf6 {[%emt 0:00:15]} 4. Be2 {[%emt 0:00:19]} d5 {[%emt 0:02:02]} 5. exd5 {[%emt 0:00:20]} Nxd5 {[%emt 0:00:14]} 6. O-O {[%emt 0:00:09]} Nxc3 {[%emt 0:00:36]} 7. bxc3 {[%emt 0:00:03]} e4 {[%emt 0:00:40]} 8. Ne1 {[%emt 0:00:03]} Be6 {[%emt 0:03:53]} 9. f3 {[%emt 0:04:38]} exf3 {[%emt 0:13:00]} 10. Nxf3 {[%emt 0:00:30]} Be7 {[%emt 0:01:47]} 11. d4 {[%emt 0:00:23]} Bf6 {[%emt 0:14:54]} 12. Kh1 {[%emt 0:04:16]} O-O {[%emt 0:04:11]} 13. Bd3 {[%emt 0:00:05]} Na5 {[%emt 0:10:07]} 14. Qe1 {[%emt 0:01:17]} Re8 {[%emt 0:04:41]} 15. Qg3 {[%emt 0:00:35]} Bc4 {[%emt 0:10:13]} 16. Bg5 {[%emt 0:02:43]} Bxd3 {[%emt 0:08:33]} 17. cxd3 {[%emt 0:00:43]} Bxg5 {[%emt 0:00:19]} 18. Nxg5 {[%emt 0:00:11]} f6 {[%emt 0:06:55]} 19. Ne4 {[%emt 0:00:57]} Rf8 {[%emt 0:00:10]} 20. Rf5 {[%emt 0:01:54]} b6 {[%emt 0:00:33]} 21. Raf1 {[%emt 0:01:08]} Kh8 {[%emt 0:01:26]} 22. Rh5 {[%emt 0:03:47]} Qe8 {[%emt 0:00:31]} 23. Rh3 {[%emt 0:02:37]} Rc8 {[%emt 0:12:03]} 24. Qh4 {[%emt 0:01:12]} Qg6 {[%emt 0:01:49]} 25. d5 {[%emt 0:01:34]} Nb7 {[%emt 0:00:44]} 26. Qf4 {[%emt 0:01:51]} Rfd8 {[%emt 0:01:36]} 27. c4 {[%emt 0:04:44]} Nd6 {[%emt 0:00:19]} 28. Rg3 {[%emt 0:03:01]} Qf7 {[%emt 0:00:08]} 29. Re3 {[%emt 0:02:39]} Nxe4 {[%emt 0:00:15]} 30. dxe4 {[%emt 0:00:06]} Qg6 {[%emt 0:01:26]} 31. e5 {[%emt 0:00:30]} fxe5 {[%emt 0:00:17]} 32. Rxe5 {[%emt 0:00:06]} h6 {[%emt 0:00:49]} 33. Re6 {[%emt 0:01:34]} Qd3 {[%emt 0:01:00]} 34. Re3 {[%emt 0:04:07]} Qg6 {[%emt 0:00:28]} 35. Rg3 {[%emt 0:00:47]} Qd6 {[%emt 0:00:32]} 36. Qg4 {[%emt 0:01:35]} Qd7 {[%emt 0:00:13]} 37. Qd4 {[%emt 0:06:02]} Rf8 {[%emt 0:00:14]} 38. Rd1 {[%emt 0:00:29]} Rce8 {[%emt 0:00:44]} 39. h3 {[%emt 0:00:36]} Rf5 {[%emt 0:00:55]} 40. Rg6 {[%emt 0:00:50]} Kh7 {[%emt 0:00:32]} 41. Qg4 {[%emt 0:30:38]} Ree5 {[%emt 0:11:17]} 42. Rc6 {[%emt 0:00:00]} Qf7 {[%emt 0:00:23]} 43. Kh2 {[%emt 0:00:00]} Rf6 {[%emt 0:04:12]} 44. Rxf6 {[%emt 0:00:00]} Qxf6 {[%emt 0:00:03]} 45. Qg3 {[%emt 0:00:00]} h5 {[%emt 0:02:04]} 46. Rd4 {[%emt 0:00:00]} Rg5 {[%emt 0:01:40]} 47. Qd3+ {[%emt 0:00:00]} Qg6 {[%emt 0:02:31]} 48. Qf3 {[%emt 0:00:00]} Qd6+ {[%emt 0:00:18]} 49. Kg1 {[%emt 0:00:00]} Qg3 {[%emt 0:02:45]} 50. Qxg3 {[%emt 0:05:38]} Rxg3 {[%emt 0:00:09]} 51. c5 {[%emt 0:00:03]} bxc5 {[%emt 0:01:22]} 52. Ra4 {[%emt 0:00:03]} Rd3 {[%emt 0:01:01]} 53. Rxa7 {[%emt 0:00:06]} Rxd5 {[%emt 0:00:23]} 54. Rxc7 {[%emt 0:00:06]} Rd1+ {[%emt 0:00:35]} 55. Kh2 {[%emt 0:00:04]} Rc1 {[%emt 0:01:35]} 56. a4 {[%emt 0:00:08]} c4 {[%emt 0:00:59]} 57. a5 {[%emt 0:00:06]} c3 {[%emt 0:00:14]} 58. a6 {[%emt 0:00:04]} Ra1 {[%emt 0:00:33]} 59. a7 {[%emt 0:00:13]} c2 {[%emt 0:00:09]} 60. Rxc2 {[%emt 0:00:26]} Rxa7 {[%emt 0:00:05]} 1/2-1/2

[Event "XIV American Continental-ch 2019"]
[Site "Sao Paulo"]
[Date "2019.07.07"]
[Round "4.9"]
[White "Languidey, Simon Alejandro"]
[Black "Mecking, Henrique"]
[Result "1/2-1/2"]
[WhiteElo "2427"]
[BlackElo "2576"]
[Annotator "ChessBase"]
[PlyCount "48"]
[EventDate "2019.07.05"]
[EventType "swiss"]
[EventCountry "BRA"]
[SourceTitle "playchess.com"]
[Source "ChessBase"]
[SourceQuality "1"]
[TimeControl "40/5400+30:1800+30"]

1. e4 {[%emt 0:03:12]} c5 {[%emt 0:01:43]} 2. Nc3 {[%emt 0:00:26]} d6 {[%emt 0:00:17]} 3. g3 {[%emt 0:00:28]} Nc6 {[%emt 0:00:10]} 4. Bg2 {[%emt 0:00:20]} g6 {[%emt 0:00:07]} 5. d3 {[%emt 0:01:15]} Bg7 {[%emt 0:00:14]} 6. Be3 {[%emt 0:01:27]} e6 {[%emt 0:01:01]} 7. Qd2 {[%emt 0:01:56]} Nd4 {[%emt 0:02:24]} 8. Nce2 {[%emt 0:11:49]} Nxe2 {[%emt 0:06:04]} 9. Nxe2 {[%emt 0:00:20]} Bxb2 {[%emt 0:02:34]} 10. Rd1 {[%emt 0:00:11]} Bg7 {[%emt 0:02:58]} 11. d4 {[%emt 0:00:33]} cxd4 {[%emt 0:03:59]} 12. Bxd4 {[%emt 0:04:45]} Bxd4 {[%emt 0:05:30]} 13. Nxd4 {[%emt 0:01:49]} a6 {[%emt 0:15:41]} 14. O-O {[%emt 0:04:47]} Nf6 {[%emt 0:03:40]} 15. Nb3 {[%emt 0:01:48]} e5 {[%emt 0:04:36]} 16. Qxd6 {[%emt 0:08:23]} Qxd6 {[%emt 0:01:02]} 17. Rxd6 {[%emt 0:00:11]} Ke7 {[%emt 0:00:28]} 18. Rfd1 {[%emt 0:01:45]} Be6 {[%emt 0:05:09]} 19. Rb6 {[%emt 0:08:26]} Rhc8 {[%emt 0:02:38]} 20. Rxb7+ {[%emt 0:01:27]} Kf8 {[%emt 0:00:15]} 21. Rd2 {[%emt 0:00:50]} a5 {[%emt 0:01:33]} 22. a4 {[%emt 0:07:01]} Rc3 {[%emt 0:19:16]} 23. f3 {[%emt 0:10:11]} Rac8 {[%emt 0:01:06]} 24. Nxa5 {[%emt 0:02:58]} Rxc2 {[%emt 0:00:31]} 1/2-1/2

[Event "XIV American Continental-ch 2019"]
[Site "Sao Paulo"]
[Date "2019.07.08"]
[Round "4.10"]
[White "Mekhitarian, Krikor Sevag"]
[Black "Proudian, Armen"]
[Result "1-0"]
[WhiteElo "2545"]
[BlackElo "2429"]
[Annotator "RC"]
[PlyCount "145"]
[EventDate "2019.07.05"]
[EventType "swiss"]
[EventCountry "BRA"]
[SourceTitle "playchess.com"]
[Source "ChessBase"]
[SourceQuality "1"]
[TimeControl "40/5400+30:1800+30"]

1. Nf3 {[%emt 0:00:43]} Nf6 {[%emt 0:00:13]} 2. c4 {[%emt 0:00:30]} e6 {[%emt 0:01:17]} 3. g3 {[%emt 0:03:32]} a6 {[%emt 0:00:40]} 4. Bg2 {[%emt 0:01:00]} b5 {[%emt 0:00:24]} 5. b3 {[%emt 0:00:25]} Bb7 {[%emt 0:00:22]} 6. Na3 {[%emt 0:05:57]} b4 {[%emt 0:05:33]} 7. Nc2 {[%emt 0:00:17]} c5 {[%emt 0:00:33]} 8. d4 {[%emt 0:03:25]} cxd4 {[%emt 0:03:26]} 9. Ncxd4 {[%emt 0:00:11]} d5 {[%emt 0:02:18]} 10. cxd5 {[%emt 0:03:10]} Nxd5 {[%emt 0:01:46]} 11. Bb2 {[%emt 0:00:06]} Be7 {[%emt 0:01:01]} 12. O-O {[%emt 0:00:28]} O-O {[%emt 0:00:37]} 13. Rc1 {[%emt 0:05:03]} Qa5 {[%emt 0:08:20]} 14. Ne5 {[%emt 0:05:56]} Bf6 {[%emt 0:23:04]} 15. Nc4 {[%emt 0:01:47]} Qc5 {[%emt 0:06:09]} 16. Qd3 {[%emt 0:16:33]} Ra7 {[%emt 0:05:18]} 17. Rfd1 {[%emt 0:03:02]} Nc3 {[%emt 0:05:21]} 18. Bxc3 {[%emt 0:01:28]} bxc3 {[%emt 0:01:25]} 19. Bxb7 {[%emt 0:01:07]} Rxb7 {[%emt 0:03:24]} 20. Nc2 {[%emt 0:23:19]} Rd7 {[%emt 0:03:37]} 21. Qe3 {[%emt 0:00:49]} Qc7 {[%emt 0:04:47]} 22. Qb6 {[%emt 0:02:34]} Rc8 {[%emt 0:01:38]} 23. Qxc7 {[%emt 0:00:30]} Rcxc7 {[%emt 0:00:46]} 24. e3 {[%emt 0:04:09]} Nc6 {[%emt 0:02:59]} 25. Kf1 {[%emt 0:01:17]} Kf8 {[%emt 0:01:45]} 26. Ke2 {[%emt 0:00:07]} Ke7 {[%emt 0:00:51]} 27. Rxd7+ {[%emt 0:00:22]} Rxd7 {[%emt 0:00:13]} 28. Rd1 {[%emt 0:00:27]} Rc7 {[%emt 0:00:49]} 29. f4 {[%emt 0:07:32]} g5 {[%emt 0:02:02]} 30. e4 {[%emt 0:00:26]} gxf4 {[%emt 0:01:02]} 31. gxf4 {[%emt 0:00:02]} Bg7 {[%emt 0:00:31]} 32. Rd3 {[%emt 0:01:23]} Rd7 {[%emt 0:02:10]} 33. e5 {[%emt 0:06:49]} Bh6 {[%emt 0:02:02]} 34. Rxd7+ {[%emt 0:00:12]} Kxd7 {[%emt 0:00:06]} 35. Kf3 {[%emt 0:00:01]} Ne7 {[%emt 0:01:17]} 36. Ke4 {[%emt 0:01:00]} Nf5 {[%emt 0:05:52]} 37. Nb6+ {[%emt 0:00:24]} Ke7 {[%emt 0:01:34]} 38. Na4 {[%emt 0:00:09]} f6 {[%emt 0:00:34]} 39. Nxc3 {[%emt 0:00:56]} fxe5 {[%emt 0:00:29]} 40. fxe5 {[%emt 0:00:02]} Kd7 {[%emt 0:03:07]} 41. Nd4 {[%emt 0:05:13]} Nh4 {[%emt 0:04:13]} 42. Na4 {[%emt 0:01:07]} Bf8 {[%emt 0:12:52]} 43. Nb6+ {[%emt 0:00:24]} Ke7 {[%emt 0:00:19]} 44. Nc6+ {[%emt 0:01:58]} Ke8 {[%emt 0:00:12]} 45. Nb8 {[%emt 0:01:26]} a5 {[%emt 0:02:33]} 46. Nc6 {[%emt 0:00:32]} Bc5 {[%emt 0:00:32]} 47. Nc4 {[%emt 0:00:15]} a4 {[%emt 0:00:32]} 48. b4 {[%emt 0:07:27]} Bg1 {[%emt 0:00:34]} 49. h3 {[%emt 0:00:04]} Kd7 {[%emt 0:01:10]} 50. N6a5 {[%emt 0:00:09]} Kc7 {[%emt 0:05:17]} 51. Nb2 {[%emt 0:04:49]} Kb6 {[%emt 0:01:04]} 52. a3 {[%emt 0:00:27]} Kb5 {[%emt 0:00:19]} 53. Nd1 {[%emt 0:00:43]} Ka6 {[%emt 0:03:28]} 54. Nc3 {[%emt 0:00:19]} Nf5 {[%emt 0:00:27]} 55. Nxa4 {[%emt 0:00:57]} Nd4 {[%emt 0:00:23]} 56. Nc5+ {[%emt 0:03:06]} Kb5 {[%emt 0:00:14]} 57. Nab7 {[%emt 0:02:03]} Nc2 {[%emt 0:00:27]} 58. Nd6+ {[%emt 0:00:35]} Kc6 {[%emt 0:00:17]} 59. Nxe6 {[%emt 0:00:25]} Nxa3 {[%emt 0:00:06]} 60. Nd4+ {[%emt 0:02:20]} Kd7 {[%emt 0:01:08]} 61. Kd5 {[%emt 0:00:27]} Bxd4 {[%emt 0:02:04]} 62. Kxd4 {[%emt 0:00:10]} Ke6 {[%emt 0:01:00]} 63. b5 {[%emt 0:00:28]} Nc2+ {[%emt 0:00:13]} 64. Ke4 {[%emt 0:00:13]} Nb4 {[%emt 0:01:01]} 65. b6 {[%emt 0:00:34]} Nc6 {[%emt 0:00:12]} 66. b7 {[%emt 0:00:44]} Nb8 {[%emt 0:00:10]} 67. Nb5 {[%emt 0:00:58]} h6 {[%emt 0:00:58]} 68. h4 {[%emt 0:00:55]} h5 {[%emt 0:00:09]} 69. Nd4+ {[%emt 0:02:59]} Kd7 {[%emt 0:00:54]} 70. Kd5 {[%emt 0:00:27]} Kc7 {[%emt 0:00:55]} 71. e6 {[%emt 0:00:07]} Na6 {[%emt 0:01:42]} 72. Nb5+ {[%emt 0:00:47]} Kxb7 {[%emt 0:00:41]} 73. e7 {[%emt 0:00:12]} 1-0

[Event "XIV American Continental-ch 2019"]
[Site "Sao Paulo"]
[Date "2019.07.08"]
[Round "4.11"]
[White "Hernandez Sanchez, Jairo Andres"]
[Black "Lima, Darcy"]
[Result "1/2-1/2"]
[WhiteElo "2387"]
[BlackElo "2543"]
[Annotator "RC"]
[PlyCount "119"]
[EventDate "2019.07.05"]
[EventType "swiss"]
[EventCountry "BRA"]
[SourceTitle "playchess.com"]
[Source "ChessBase"]
[SourceQuality "1"]
[TimeControl "40/5400+30:1800+30"]

1. e4 {[%emt 0:00:00]} g6 {[%emt 0:01:01]} 2. d4 {[%emt 0:00:10]} Bg7 {[%emt 0:00:06]} 3. Nc3 {[%emt 0:00:39]} d6 {[%emt 0:00:42]} 4. Be3 {[%emt 0:03:10]} a6 {[%emt 0:00:41]} 5. Qd2 {[%emt 0:01:32]} Nd7 {[%emt 0:01:18]} 6. h4 {[%emt 0:05:30]} c5 {[%emt 0:03:40]} 7. h5 {[%emt 0:05:26]} gxh5 {[%emt 0:05:23]} 8. O-O-O {[%emt 0:11:34]} cxd4 {[%emt 0:20:29]} 9. Bxd4 {[%emt 0:00:12]} Bxd4 {[%emt 0:00:27]} 10. Qxd4 {[%emt 0:00:09]} Ngf6 {[%emt 0:00:02]} 11. Rxh5 {[%emt 0:16:26]} Qb6 {[%emt 0:01:33]} 12. Qxb6 {[%emt 0:02:08]} Nxb6 {[%emt 0:00:07]} 13. Rh4 {[%emt 0:00:28]} Rg8 {[%emt 0:05:58]} 14. f3 {[%emt 0:03:55]} h5 {[%emt 0:01:27]} 15. Rd4 {[%emt 0:13:22]} a5 {[%emt 0:09:52]} 16. Nb5 {[%emt 0:05:13]} Kf8 {[%emt 0:00:38]} 17. Ne2 {[%emt 0:03:40]} Rg5 {[%emt 0:10:45]} 18. Nec3 {[%emt 0:01:02]} Be6 {[%emt 0:03:37]} 19. f4 {[%emt 0:04:41]} Rc5 {[%emt 0:02:24]} 20. Be2 {[%emt 0:01:58]} Kg7 {[%emt 0:00:16]} 21. Rd3 {[%emt 0:03:05]} Bg4 {[%emt 0:03:49]} 22. Bxg4 {[%emt 0:01:21]} hxg4 {[%emt 0:00:11]} 23. Nd4 {[%emt 0:00:10]} Rg8 {[%emt 0:06:28]} 24. g3 {[%emt 0:01:56]} Kf8 {[%emt 0:03:21]} 25. Nb3 {[%emt 0:01:10]} Rc7 {[%emt 0:04:01]} 26. Nxa5 {[%emt 0:00:11]} Nbd7 {[%emt 0:00:00]} 27. Nb3 {[%emt 0:01:05]} Nc5 {[%emt 0:03:16]} 28. Nxc5 {[%emt 0:00:26]} Rxc5 {[%emt 0:00:01]} 29. Rd4 {[%emt 0:00:57]} Rh5 {[%emt 0:05:03]} 30. Rxh5 {[%emt 0:00:36]} Nxh5 {[%emt 0:00:01]} 31. Ne2 {[%emt 0:00:13]} Rh8 {[%emt 0:00:45]} 32. Kd2 {[%emt 0:01:46]} Nf6 {[%emt 0:01:11]} 33. e5 {[%emt 0:02:10]} Ne8 {[%emt 0:00:13]} 34. Rb4 {[%emt 0:01:47]} Rh5 {[%emt 0:02:12]} 35. Rxb7 {[%emt 0:03:28]} dxe5 {[%emt 0:00:04]} 36. Rb8 {[%emt 0:01:06]} e4 {[%emt 0:01:11]} 37. b4 {[%emt 0:00:55]} e6 {[%emt 0:00:54]} 38. a4 {[%emt 0:01:25]} Ke7 {[%emt 0:01:34]} 39. a5 {[%emt 0:00:13]} Rd5+ {[%emt 0:01:47]} 40. Kc3 {[%emt 0:03:26]} Nc7 {[%emt 0:00:14]} 41. Kb2 {[%emt 0:12:43]} e3 {[%emt 0:02:46]} 42. Nc3 {[%emt 0:04:02]} Kd7 {[%emt 0:04:15]} 43. Rb7 {[%emt 0:07:34]} Rh5 {[%emt 0:03:08]} 44. b5 {[%emt 0:04:31]} Kc8 {[%emt 0:00:29]} 45. a6 {[%emt 0:01:29]} e2 {[%emt 0:11:26]} 46. Nxe2 {[%emt 0:00:02]} Rxb5+ {[%emt 0:00:04]} 47. Rxb5 {[%emt 0:00:06]} Nxb5 {[%emt 0:00:04]} 48. Nc3 {[%emt 0:02:32]} Nc7 {[%emt 0:00:06]} 49. Ne4 {[%emt 0:00:20]} f5 {[%emt 0:07:25]} 50. Nc5 {[%emt 0:00:03]} e5 {[%emt 0:00:54]} 51. fxe5 {[%emt 0:01:39]} f4 {[%emt 0:00:01]} 52. Ne4 {[%emt 0:01:10]} fxg3 {[%emt 0:00:08]} 53. Nxg3 {[%emt 0:00:11]} Nxa6 {[%emt 0:00:10]} 54. Kc3 {[%emt 0:00:56]} Kd7 {[%emt 0:01:09]} 55. Kd4 {[%emt 0:00:34]} Ke6 {[%emt 0:00:26]} 56. Ke4 {[%emt 0:00:46]} Nb4 {[%emt 0:00:21]} 57. Nh5 {[%emt 0:00:31]} Nxc2 {[%emt 0:00:40]} 58. Nf4+ {[%emt 0:00:06]} Ke7 {[%emt 0:00:13]} 59. Nd5+ {[%emt 0:00:22]} Ke6 {[%emt 0:00:10]} 60. Nf4+ {[%emt 0:00:03] Kxe5+} 1/2-1/2

[Event "XIV American Continental-ch 2019"]
[Site "Sao Paulo"]
[Date "2019.07.08"]
[Round "4.12"]
[White "Garcia Pantoja, Roberto"]
[Black "Della Morte, German"]
[Result "1-0"]
[WhiteElo "2529"]
[BlackElo "2359"]
[Annotator "ChessBase"]
[PlyCount "121"]
[EventDate "2019.07.05"]
[EventType "swiss"]
[EventCountry "BRA"]
[SourceTitle "playchess.com"]
[Source "ChessBase"]
[SourceQuality "1"]
[TimeControl "40/5400+30:1800+30"]

1. e4 {[%emt 0:00:00]} e5 {[%emt 0:03:26]} 2. Nf3 {[%emt 0:00:00]} Nc6 {[%emt 0:00:09]} 3. Bb5 {[%emt 0:00:02]} a6 {[%emt 0:00:04]} 4. Ba4 {[%emt 0:00:04]} Nf6 {[%emt 0:00:09]} 5. O-O {[%emt 0:00:10]} Be7 {[%emt 0:02:03]} 6. Re1 {[%emt 0:01:25]} b5 {[%emt 0:00:16]} 7. Bb3 {[%emt 0:00:02]} d6 {[%emt 0:01:20]} 8. c3 {[%emt 0:00:13]} O-O {[%emt 0:00:05]} 9. h3 {[%emt 0:00:03]} Na5 {[%emt 0:09:28]} 10. Bc2 {[%emt 0:00:07]} c5 {[%emt 0:00:02]} 11. d4 {[%emt 0:00:03]} Nd7 {[%emt 0:00:09]} 12. Nbd2 {[%emt 0:01:18]} exd4 {[%emt 0:00:07]} 13. cxd4 {[%emt 0:00:04]} Nc6 {[%emt 0:00:05]} 14. d5 {[%emt 0:00:10]} Nce5 {[%emt 0:00:05]} 15. a4 {[%emt 0:00:05]} Bb7 {[%emt 0:00:15]} 16. Nxe5 {[%emt 0:00:27]} Nxe5 {[%emt 0:00:04]} 17. f4 {[%emt 0:00:06]} Ng6 {[%emt 0:00:02]} 18. Nf3 {[%emt 0:00:06]} Bh4 {[%emt 0:00:50]} 19. Nxh4 {[%emt 0:05:19]} Qxh4 {[%emt 0:00:09]} 20. Ra3 {[%emt 0:00:07]} Rae8 {[%emt 0:09:16]} 21. f5 {[%emt 0:03:14]} Ne5 {[%emt 0:00:41]} 22. Rf1 {[%emt 0:00:03]} b4 {[%emt 0:19:22]} 23. Rb3 {[%emt 0:00:02]} a5 {[%emt 0:00:45]} 24. Rf4 {[%emt 0:02:36]} Qf6 {[%emt 0:00:24]} 25. Rg3 {[%emt 0:01:46]} Kh8 {[%emt 0:09:46]} 26. Qh5 {[%emt 0:27:37]} Qh6 {[%emt 0:04:07]} 27. Qxh6 {[%emt 0:13:05]} gxh6 {[%emt 0:00:05]} 28. Rh4 {[%emt 0:07:42]} f6 {[%emt 0:00:20]} 29. Rxh6 {[%emt 0:07:09]} c4 {[%emt 0:00:39]} 30. Be3 {[%emt 0:00:36]} b3 {[%emt 0:01:04]} 31. Bb1 {[%emt 0:01:30]} c3 {[%emt 0:00:44]} 32. bxc3 {[%emt 0:00:05]} Rc8 {[%emt 0:06:46]} 33. Bd4 {[%emt 0:05:25]} Ba6 {[%emt 0:05:07]} 34. Kf2 {[%emt 0:08:12]} Rc7 {[%emt 0:07:27]} 35. Bxe5 {[%emt 0:03:27]} dxe5 {[%emt 0:00:08]} 36. Rgg6 {[%emt 0:01:32]} Rcf7 {[%emt 0:02:59]} 37. Ke3 {[%emt 0:04:58]} Bc8 {[%emt 0:00:13]} 38. c4 {[%emt 0:06:10]} Bd7 {[%emt 0:00:03]} 39. Kd3 {[%emt 0:03:26]} Bxa4 {[%emt 0:00:05]} 40. Kc3 {[%emt 0:00:23]} b2 {[%emt 0:04:24]} 41. c5 {[%emt 0:10:36]} Rc8 {[%emt 0:03:56]} 42. Rxf6 {[%emt 0:07:45]} Rxc5+ {[%emt 0:00:07]} 43. Kxb2 {[%emt 0:00:04]} Rb5+ {[%emt 0:00:19]} 44. Kc1 {[%emt 0:00:13]} Rfb7 {[%emt 0:00:17]} 45. Bd3 {[%emt 0:01:56]} Rc5+ {[%emt 0:02:51]} 46. Kd2 {[%emt 0:00:05]} Rb2+ {[%emt 0:00:07]} 47. Ke3 {[%emt 0:00:03]} Rc3 {[%emt 0:00:22]} 48. Rf7 {[%emt 0:06:51]} Rxg2 {[%emt 0:02:10]} 49. Rfxh7+ {[%emt 0:00:44]} Kg8 {[%emt 0:00:06]} 50. Rh8+ {[%emt 0:00:06]} Kf7 {[%emt 0:00:02]} 51. R6h7+ {[%emt 0:00:27]} Rg7 {[%emt 0:00:05]} 52. Kd2 {[%emt 0:00:35]} Ra3 {[%emt 0:00:05]} 53. Rxg7+ {[%emt 0:02:19]} Kxg7 {[%emt 0:00:05]} 54. Ra8 {[%emt 0:00:12]} Ra2+ {[%emt 0:00:09]} 55. Kc3 {[%emt 0:00:04]} Ra3+ {[%emt 0:00:12]} 56. Kd2 {[%emt 0:00:19]} Ra2+ {[%emt 0:00:05]} 57. Kc3 {[%emt 0:01:21]} Ra3+ {[%emt 0:02:01]} 58. Kc4 {[%emt 0:00:01]} Bb3+ {[%emt 0:00:28]} 59. Kc5 {[%emt 0:00:08]} Ba2 {[%emt 0:00:09]} 60. Bb5 {[%emt 0:00:22]} Bb1 {[%emt 0:00:52]} 61. d6 {[%emt 0:00:53]} 1-0

[Event "XIV American Continental-ch 2019"]
[Site "Sao Paulo"]
[Date "2019.07.07"]
[Round "4.13"]
[White "Barbosa, Evandro Amorim"]
[Black "Santos, Marcus Vinicius More"]
[Result "0-1"]
[WhiteElo "2506"]
[BlackElo "2354"]
[Annotator "ChessBase"]
[PlyCount "94"]
[EventDate "2019.07.05"]
[EventType "swiss"]
[EventCountry "BRA"]
[SourceTitle "playchess.com"]
[Source "ChessBase"]
[SourceQuality "1"]
[TimeControl "40/5400+30:1800+30"]

1. g3 {[%emt 0:00:00]} g6 {[%emt 0:06:24]} 2. Bg2 {[%emt 0:00:00]} Bg7 {[%emt 0:00:06]} 3. c4 {[%emt 0:00:09]} e5 {[%emt 0:00:50]} 4. Nc3 {[%emt 0:00:10]} d6 {[%emt 0:00:23]} 5. d3 {[%emt 0:00:09]} Nc6 {[%emt 0:00:15]} 6. e3 {[%emt 0:01:37]} h5 {[%emt 0:01:09]} 7. Nf3 {[%emt 0:05:21]} Nge7 {[%emt 0:03:07]} 8. h4 {[%emt 0:08:04]} Bg4 {[%emt 0:04:08]} 9. Qb3 {[%emt 0:02:46]} Qd7 {[%emt 0:08:00]} 10. Ng5 {[%emt 0:01:05]} f6 {[%emt 0:02:42]} 11. Nge4 {[%emt 0:00:40]} O-O {[%emt 0:05:10]} 12. Bd2 {[%emt 0:01:54]} Rab8 {[%emt 0:02:53]} 13. Nd5 {[%emt 0:00:34]} Be6 {[%emt 0:01:18]} 14. a4 {[%emt 0:04:40]} Nd8 {[%emt 0:04:39]} 15. a5 {[%emt 0:07:25]} c6 {[%emt 0:04:46]} 16. Nxe7+ {[%emt 0:06:07]} Qxe7 {[%emt 0:00:06]} 17. Qa3 {[%emt 0:00:27]} Nf7 {[%emt 0:01:56]} 18. Nc3 {[%emt 0:05:30]} f5 {[%emt 0:01:40]} 19. a6 {[%emt 0:00:33]} e4 {[%emt 0:01:03]} 20. axb7 {[%emt 0:13:52]} Ne5 {[%emt 0:01:09]} 21. dxe4 {[%emt 0:07:02]} Nxc4 {[%emt 0:05:22]} 22. Qa6 {[%emt 0:07:28]} Nxd2 {[%emt 0:04:22]} 23. Kxd2 {[%emt 0:00:52]} Rxb7 {[%emt 0:00:42]} 24. Nd1 {[%emt 0:04:58]} fxe4 {[%emt 0:03:15]} 25. Bxe4 {[%emt 0:03:28]} d5 {[%emt 0:05:57]} 26. Bd3 {[%emt 0:00:35]} Qb4+ {[%emt 0:09:29]} 27. Ke2 {[%emt 0:00:52]} Bg4+ {[%emt 0:01:58]} 28. Kf1 {[%emt 0:00:16]} Rbf7 {[%emt 0:05:20]} 29. Rh2 {[%emt 0:04:18]} Bxd1 {[%emt 0:04:30]} 30. Rxd1 {[%emt 0:00:04]} Qxb2 {[%emt 0:00:19]} 31. Be2 {[%emt 0:00:14]} Qe5 {[%emt 0:03:01]} 32. f4 {[%emt 0:05:36]} Qxe3 {[%emt 0:01:21]} 33. Kg2 {[%emt 0:00:20]} Rb8 {[%emt 0:02:05]} 34. Qd3 {[%emt 0:01:26]} Qe6 {[%emt 0:01:04]} 35. Bf3 {[%emt 0:00:57]} Rb2+ {[%emt 0:00:30]} 36. Kh1 {[%emt 0:00:11]} Rfb7 {[%emt 0:00:52]} 37. Rxb2 {[%emt 0:02:33]} Rxb2 {[%emt 0:00:07]} 38. Bg2 {[%emt 0:00:04]} a5 {[%emt 0:00:48]} 39. Rc1 {[%emt 0:00:44]} Kh7 {[%emt 0:01:43]} 40. Rc2 {[%emt 0:02:56]} Qe1+ {[%emt 0:02:02]} 41. Kh2 {[%emt 0:30:06]} Qb1 {[%emt 0:30:52]} 42. Rd2 {[%emt 0:03:16]} Qxd3 {[%emt 0:00:11]} 43. Rxd3 {[%emt 0:00:06]} a4 {[%emt 0:00:37]} 44. Kh3 {[%emt 0:00:49]} Rb3 {[%emt 0:00:51]} 45. Bf1 {[%emt 0:01:20]} Rxd3 {[%emt 0:00:00]} 46. Bxd3 {[%emt 0:00:00]} a3 {[%emt 0:00:00]} 47. Bb1 {[%emt 0:00:00]} c5 {[%emt 0:00:00]} 0-1